Marketing management / (Record no. 17030)

MARC details
000 -LEADER
fixed length control field 00814nac a22002291u 4500
008 - FIXED-LENGTH DATA ELEMENTS--GENERAL INFORMATION
fixed length control field 120926b2012 us a | |||| 001 0 eng d
010 ## - LIBRARY OF CONGRESS CONTROL NUMBER
LC control number
020 ## - INTERNATIONAL STANDARD BOOK NUMBER
International Standard Book Number 0273753363
020 ## - INTERNATIONAL STANDARD BOOK NUMBER
International Standard Book Number 9780273753360
082 00 - DEWEY DECIMAL CLASSIFICATION NUMBER
Classification number 658.8
Item number KOT
Edition number 22
100 ## - MAIN ENTRY--PERSONAL NAME
Personal name Kotler, Philip.
9 (RLIN) 30980
245 10 - TITLE STATEMENT
Title Marketing management /
Statement of responsibility, etc Philip Kotler, Kevin Keller.
250 ## - EDITION STATEMENT
Edition statement 14 ed.
Remainder of edition statement Global Edition
260 ## - PUBLICATION, DISTRIBUTION, ETC. (IMPRINT)
Place of publication, distribution, etc Boston :
Name of publisher, distributor, etc Pearson Education Limited,
Date of publication, distribution, etc c2012.
300 ## - PHYSICAL DESCRIPTION
Extent unpaged :
Other physical details col. ill. ;
Dimensions 28 cm.
504 ## - BIBLIOGRAPHY, ETC. NOTE
Bibliography, etc Includes bibliographical references and index.
650 #0 - SUBJECT ADDED ENTRY--TOPICAL TERM
Topical term or geographic name as entry element Marketing
General subdivision Management.
9 (RLIN) 30981
653 ## - INDEX TERM--UNCONTROLLED
Resource For college
Arrived date list September2012
-- October2012
700 1# - ADDED ENTRY--PERSONAL NAME
9 (RLIN) 30982
Personal name Keller, Kevin Lane,
Dates associated with a name 1956-
856 41 - ELECTRONIC LOCATION AND ACCESS
Materials specified Table of contents
Uniform Resource Identifier <a href="http://www.loc.gov/catdir/toc/ecip055/2004029595.html">http://www.loc.gov/catdir/toc/ecip055/2004029595.html</a>
942 ## - ADDED ENTRY ELEMENTS (KOHA)
Item type NB - Book (Non borrowing)
Call number prefix 658.8KOT
Source of classification or shelving scheme Dewey Decimal Classification
Holdings
Withdrawn status Item status Source of classification or shelving scheme Damaged status Not for loan Vendor Home library Current library Shelving location Date acquired Source of acquisition Total Checkouts Full call number Barcode Date last seen Date last borrowed Koha item type Materials specified (bound volume or other part) Total Renewals Cost, normal purchase price Cost, replacement price
    Dewey Decimal Classification     Baccah Central Library Central Library First floor 01/10/2012   6 658.8 KOT 000027500 15/07/2025 18/10/2012 NB - Book (Non borrowing)        
  Lost Dewey Decimal Classification     Baccah Central Library Central Library First floor 01/10/2012   16 658.8 KOT 000027499 24/08/2022 20/04/2019 Book - Borrowing Lost_In_Inventory_12-2-2024 49    
    Dewey Decimal Classification     Baccah Central Library Central Library First floor 18/10/2012   14 658.8 KOT 000027736 15/07/2025 21/04/2019 Book - Borrowing   45 160.00 200.00
    Dewey Decimal Classification     Baccah Central Library Central Library First floor 18/10/2012   12 658.8 KOT 000027737 15/07/2025 20/02/2018 Book - Borrowing        
    Dewey Decimal Classification     Baccah Central Library Central Library First floor 18/10/2012   11 658.8 KOT 000027738 15/07/2025 14/02/2018 Book - Borrowing   47    
    Dewey Decimal Classification     Baccah Central Library Central Library First floor 18/10/2012   16 658.8 KOT 000027739 15/07/2025 24/02/2019 Book - Borrowing   32    
    Dewey Decimal Classification     Baccah Central Library Central Library First floor 18/10/2012   12 658.8 KOT 000027740 15/07/2025 25/03/2019 Book - Borrowing   56    
    Dewey Decimal Classification     Baccah Central Library Central Library First floor 18/10/2012   12 658.8 KOT 000027741 15/07/2025 26/02/2018 Book - Borrowing   58    
    Dewey Decimal Classification     Baccah Central Library Central Library First floor 18/10/2012   9 658.8 KOT 000027742 15/07/2025 02/04/2018 Book - Borrowing   25    
    Dewey Decimal Classification     Baccah Central Library Central Library First floor 18/10/2012   16 658.8 KOT 000027743 15/07/2025 11/11/2020 Book - Borrowing   29